Blow : how a smalltown boy made $100 million with the Medellín cocaine cartel and lost it all /

Bibliographic Details
Main Author: Porter, Bruce
Format: Book
Language:English
Published: New York : HarperCollins, [1993]
Edition:1st ed.
Subjects:

MARC

Tag First Indicator Second Indicator Subfields
LEADER 00000cam a2200000 a 4500
001 in00001152713
005 20151001061906.0
008 920917s1993 nyuaf 000 0deng
010 |a  92054756  
020 |a 0060179309 (cloth) :  |c $20.00 ($26.75 Can.) 
035 |a (OCoLC)27216525 
035 |9 AGD4380AM 
040 |a DLC  |c DLC  |d TXA  |d UtOrBLW 
043 |a n-us---  |a s-ck--- 
049 |a TXAM 
050 0 0 |a HV5825  |b .P625 1993 
082 0 0 |a 363.4/5/09861  |2 20 
100 1 |a Porter, Bruce. 
245 1 0 |a Blow :  |b how a smalltown boy made $100 million with the Medellín cocaine cartel and lost it all /  |c Bruce Porter. 
250 |a 1st ed. 
264 1 |a New York :  |b HarperCollins,  |c [1993] 
264 4 |c ©1993 
300 |a 311 pages, 8 unnumbered pages of plates :  |b illustrations ;  |c 25 cm. 
336 |a text  |b txt  |2 rdacontent 
337 |a unmediated  |b n  |2 rdamedia 
338 |a volume  |b nc  |2 rdacarrier 
650 0 |a Cocaine industry  |z United States. 
650 0 |a Organized crime  |z United States. 
610 2 0 |a Medellín Cartel. 
650 0 |a Cocaine industry  |z Colombia. 
650 0 |a Organized crime  |z Colombia. 
600 1 0 |a Lehder Rivas, Carlos Enrique. 
600 1 0 |a Jung, George Jacob,  |d 1942- 
999 |a MARS 
999 f f |s 959212db-d495-3451-8e29-2a1a09c4f627  |i e77799f7-4688-3868-92d5-7c480f606d67  |t 0 
952 f f |p ric  |a Texas A&M University  |b Rellis Campus  |c Joint Library Facility  |d Remote Storage  |t 0  |e HV5825 .P625 1993  |h Library of Congress classification  |i unmediated -- volume  |m A14817658023 
998 f f |a HV5825 .P625 1993  |t 0  |l Remote Storage